Cooperative directors : asking necessary questions /

Bibliographic Details
Main Author: Wadsworth, James J.
Corporate Author: United States. Rural Business/Cooperative Service
Format: Government Document eBook
Language:English
Published: [Washington, D.C.] : U.S. Dept. of Agriculture, Rural Development, Rural Business-Cooperative Service, [2003]
Series:Cooperative information report ; 62.
Subjects:
Online Access:https://purl.fdlp.gov/GPO/gpo27795

MARC

Tag First Indicator Second Indicator Subfields
LEADER 00000cam a2200000 a 4500
001 in00002775310
005 20211120165848.0
006 m d f
007 cr bn|||||||||
008 031121s2003 dcu ob f000 0 eng
035 |a (OCoLC)ocm53480727 
040 |a AGL  |c AGL  |d OCLCQ  |d AGL  |d GPO  |d MvI  |d UtOrBLW 
042 |a pcc 
043 |a n-us--- 
049 |a WWW 
050 4 |a aHD1491.A1  |b U56 no. 62 
074 |a 0065-B-04 (online) 
086 0 |a A 109.10/2:62 
100 1 |a Wadsworth, James J. 
245 1 0 |a Cooperative directors :  |b asking necessary questions /  |c James J. Wadsworth. 
264 1 |a [Washington, D.C.] :  |b U.S. Dept. of Agriculture, Rural Development, Rural Business-Cooperative Service,  |c [2003] 
336 |a text  |b txt  |2 rdacontent 
337 |a computer  |b c  |2 rdamedia 
338 |a online resource  |b cr  |2 rdacarrier 
490 1 |a Cooperative information report ;  |v 62 
500 |a "October 2003." 
500 |a Title from web page viewed Nov. 21, 2003. 
504 |a Includes bibliographical references. 
516 |a Text (electronic publication). 
538 |a Mode of access: WWW browser and PDF reader. 
500 |a Electronic resource. 
650 0 |a Agriculture, Cooperative  |x Officials and employees. 
650 0 |a Agriculture, Cooperative  |z United States  |x Planning. 
710 1 |a United States.  |b Rural Business/Cooperative Service. 
830 0 |a Cooperative information report ;  |v 62. 
856 4 0 |u https://purl.fdlp.gov/GPO/gpo27795  |t 0 
999 |a MARS 
999 f f |s 157b7615-1854-3714-b71a-aca69979172a  |i 55f83480-4d74-36e1-bad0-65898941cd30  |t 0 
952 f f |a Texas A&M University  |b College Station  |c Electronic Resources  |d Available Online  |t 0  |e A 109.10/2:62  |h Superintendent of Documents classification 
998 f f |a A 109.10/2:62  |t 0  |l Available Online